|
|
|
|
| LEADER |
00000naa0a2200000 4500 |
| 001 |
597178 |
| 005 |
20250203154713.0 |
| 035 |
|
|
|a (RuTPU)RU\TPU\tpu\20338
|
| 090 |
|
|
|a 597178
|
| 100 |
|
|
|a 20111123d1984 k y0rusy50 ca
|
| 101 |
0 |
|
|a rus
|
| 102 |
|
|
|a RU
|
| 200 |
1 |
|
|a Статические исследования процесса кавернообразования в скважинах корбалихинского полиметаллического месторождения
|f В. В. Кривошеев, П. С. Чубик, С. И. Борисенков
|
| 333 |
|
|
|a В фонде НТБ ТПУ отсутствует
|
| 461 |
|
|
|t Техника и технология бурения разведочных скважин
|o межвузовский научный тематический сборник
|d 1984
|
| 463 |
|
|
|t Вып. 7
|v С. 80-84
|d 1984
|
| 610 |
1 |
|
|a труды учёных ТПУ
|
| 700 |
|
1 |
|a Кривошеев
|b В. В.
|c российский геолог
|c профессор Томского политехнического университета
|f 1948-
|g Владимир Васильевич
|3 (RuTPU)RU\TPU\pers\21972
|9 9291
|
| 701 |
|
1 |
|a Чубик
|b П. С.
|c российский геолог
|c профессор, ректор Томского политехнического университета ( с 2008 г.)
|f 1954-
|g Петр Савельевич
|3 (RuTPU)RU\TPU\pers\24546
|4 070
|
| 701 |
|
1 |
|a Борисенков
|b С. И.
|
| 801 |
|
1 |
|a RU
|b 63413507
|c 20111123
|
| 801 |
|
2 |
|a RU
|b 63413507
|c 20111123
|g RCR
|
| 942 |
|
|
|c CR
|